000 00275nam a2200085Ia 4500
008 220120s9999||||xx |||||||||||||| ||und||
100 _aRaksha Thimmaiah, Pratibha, Akshatha and Vidya
_912446
245 0 _aBally dispatch system
260 _aCoorg Institute of Technology
_bPonnampet
999 _c138033
_d138033